| 000 | 004360000a22001810004500 | ||
|---|---|---|---|
| 003 | MACL | ||
| 005 | 20150911115217.0 | ||
| 008 | 150911b xxu||||| |||| 00| 0 eng d | ||
| 040 |
_aMACL _cMACL |
||
| 041 | _aEnglish | ||
| 082 | _a823/MIT | ||
| 100 |
_aMitra, Bimla _910042 |
||
| 245 | _aMemorable Stories | ||
| 260 |
_aBhilai _bK. Basu & Associates _c2006 |
||
| 350 | _a150 | ||
| 650 |
_aEnglish Stories _910043 |
||
| 942 |
_cBK _k823 _2ddc |
||
| 999 |
_c2180 _d2180 |
||